DTZ Foresight Europe fair value Q1 2012 (Record no. 84072)

MARC details
000 -LEADER
fixed length control field 01260cab a22002055a 4500
001 - CONTROL NUMBER
control field L156547
008 - FIXED-LENGTH DATA ELEMENTS--GENERAL INFORMATION
fixed length control field 120606e2012 xxk 000 0 eng d
035 ## - SYSTEM CONTROL NUMBER
System control number (Sirsi) u156547
041 0# - LANGUAGE CODE
Language code of text/sound track or separate title eng
110 2# - MAIN ENTRY--CORPORATE NAME
Corporate name or jurisdiction name as entry element DTZ
245 00 - TITLE STATEMENT
Title DTZ Foresight Europe fair value Q1 2012
Medium [electronic resource]
260 ## - PUBLICATION, DISTRIBUTION, ETC.
Place of publication, distribution, etc. London
Name of publisher, distributor, etc. DTZ
Date of publication, distribution, etc. 2012
490 #0 - SERIES STATEMENT
Series statement DTZ Foresight Europe Fair Value
Volume/sequential designation Q1 2012 29 May 2012
520 ## - SUMMARY, ETC.
Summary, etc. The DTZ Fair Value Index score for Europe stood at 46 at the end of Q1 2012 up from 36 for Q4 2011, an increase due to an upward revision in several core markets displaying more attractive pricing relative to falling government bond yields. The widening yield premium offered to property investors in core markets resulted in upgrades to German, UK and Nordic markets over the past two quarters. Forecasts are revised this quarter. London is expected to lead rental growth across Europe over the next five years with the key areas experiencing an average growth of 4% p.a, supported by lack of new supply.
590 ## - LOCAL NOTE (RLIN)
Local note NTK KA
651 #4 - SUBJECT ADDED ENTRY--GEOGRAPHIC NAME
Geographic name Europe
690 ## - LOCAL SUBJECT ADDED ENTRY--TOPICAL TERM (OCLC, RLIN)
Topical term or geographic name as entry element Commercial property
9 (RLIN) 6227
856 40 - ELECTRONIC LOCATION AND ACCESS
Uniform Resource Identifier <a href="https://www.dtz.com/Global/Research/DTZ+Foresight+Europe+Fair+Value+Q1+2012">https://www.dtz.com/Global/Research/DTZ+Foresight+Europe+Fair+Value+Q1+2012</a>
Public note View the report after free registration at www.dtz.com
942 ## - ADDED ENTRY ELEMENTS (KOHA)
Suppress in OPAC 0
Holdings
Withdrawn status Lost status Source of classification or shelving scheme Damaged status Not for loan Home library Current library Shelving location Date acquired Total Checkouts Full call number Barcode Date last seen Copy number Price effective from Koha item type
    Dewey Decimal Classification     Virtual Virtual Online 05/06/2012   ONLINE PUBLICATION 156547-2001 06/08/2019 1 06/08/2019 Book